Think big :unleashing your potential for excellence / (Record no. 4443)

000 -LEADER
fixed length control field 01044cam a2200337 i 4500
001 - CONTROL NUMBER
control field 21620570
003 - CONTROL NUMBER IDENTIFIER
control field OSt
005 - DATE AND TIME OF LATEST TRANSACTION
control field 20251120103507.0
006 - FIXED-LENGTH DATA ELEMENTS--ADDITIONAL MATERIAL CHARACTERISTICS--GENERAL INFORMATION
fixed length control field m |o d |
007 - PHYSICAL DESCRIPTION FIXED FIELD--GENERAL INFORMATION
fixed length control field cr |||||||||||
008 - FIXED-LENGTH DATA ELEMENTS--GENERAL INFORMATION
fixed length control field 910717s1992 miu o 000 0deng
010 ## - LIBRARY OF CONGRESS CONTROL NUMBER
LC control number 2019714855
020 ## - INTERNATIONAL STANDARD BOOK NUMBER
International Standard Book Number 0310574102
020 ## - INTERNATIONAL STANDARD BOOK NUMBER
International Standard Book Number 9780310860488
Qualifying information (ebook)
035 ## - SYSTEM CONTROL NUMBER
System control number 21620570
040 ## - CATALOGING SOURCE
Original cataloging agency DLC
Language of cataloging eng
Description conventions rda
Transcribing agency DLC
Modifying agency DLC
043 ## - GEOGRAPHIC AREA CODE
Geographic area code n-us---
050 00 - LIBRARY OF CONGRESS CALL NUMBER
Classification number BV4509.5.C37 1992
082 00 - DEWEY DECIMAL CLASSIFICATION NUMBER
Classification number 248.4
Edition number 20
100 1# - MAIN ENTRY--PERSONAL NAME
Personal name Carson, Ben.
245 10 - TITLE STATEMENT
Title Think big :unleashing your potential for excellence /
Statement of responsibility, etc Ben Carson, M.D. with Cecil Murphey.
300 ## - PHYSICAL DESCRIPTION
Extent 1 online resource
600 10 - SUBJECT ADDED ENTRY--PERSONAL NAME
Personal name Carson, Ben.
650 #0 - SUBJECT ADDED ENTRY--TOPICAL TERM
Topical term or geographic name as entry element Christian life.
650 #0 - SUBJECT ADDED ENTRY--TOPICAL TERM
Topical term or geographic name as entry element Excellence
General subdivision Religious aspects
-- Christianity.
700 1# - ADDED ENTRY--PERSONAL NAME
Personal name Murphey, Cecil.
776 08 - ADDITIONAL PHYSICAL FORM ENTRY
Display text Print version:
Title Think big
Place, publisher, and date of publication Grand Rapids, Mich. : Zondervan Pub. House, 1992.
International Standard Book Number 0310574102
Record control number (DLC) 91027217
906 ## - LOCAL DATA ELEMENT F, LDF (RLIN)
a 7
b cbc
c origcop
d 1
e ecip
f 20
g y-gencatlg
942 ## - ADDED ENTRY ELEMENTS (KOHA)
Source of classification or shelving scheme
Koha item type Fiction and Non- Fiction novels
Holdings
Withdrawn status Lost status Source of classification or shelving scheme Damaged status Not for loan Home library Current library Shelving location Date acquired Total Checkouts Full call number Barcode Checked out Date last seen Date checked out Price effective from Koha item type
          Riara University Library Riara University Library Leisure Reading 20/11/2025 1 BV4509.5.C37 1992 10841/25 31/01/2026 28/11/2025 28/11/2025 20/11/2025 Fiction and Non- Fiction novels

Riara University Library,
P.O. Box 49940-00100,
Nairobi, Kenya.